Lízing v praxi operatívny a finančný prenájom

Guardado en:
Detalles Bibliográficos
Autor principal: Stanley, Renáta, 1981-
Otros Autores: Barčáková, Michaela, Mateášová, Martina, 1979-, Kuťka, Juraj
Formato: Libro
Lenguaje:eslovaco
Publicado: Bratislava Iura Edition, člen skupiny Wolters Kluwer 2013
Edición:1. vyd.
Colección:Ekonómia 476
Materias:
Etiquetas: Agregar Etiqueta
Sin Etiquetas, Sea el primero en etiquetar este registro!

MARC

LEADER 00000nam a2200000 4500
001 0179575
005 20240502073043.0
020 |a 978-80-8078-666-3 
041 0 |a slo 
044 |a SK 
245 1 0 |a Lízing v praxi  |b operatívny a finančný prenájom  |c Renáta Stanley, Michaela Barčáková ; recenzovali Martina Mateášová, Juraj Kuťka 
250 |a 1. vyd. 
264 1 |a Bratislava  |b Iura Edition, člen skupiny Wolters Kluwer  |c 2013 
300 |a 131 s. [6,27 AH] 
490 1 |a Ekonómia  |v 476 
830 0 |a Ekonómia  |v 476 
610 2 0 |a prenájom 
610 2 0 |a lízing operatívny 
610 2 0 |a lízing finančný 
610 2 0 |a účtovníctvo 
610 2 0 |a odpisy 
610 2 0 |a dane 
100 1 |a Stanley, Renáta, 1981- 
700 1 |a Barčáková, Michaela 
700 1 |a Mateášová, Martina, 1979- 
700 1 |a Kuťka, Juraj